000 00343nam a22001217a 4500
008 230704b xxu||||| |||| 00| 0 eng d
082 _a341.765
_bWHO
110 _bWorld Health Organization
245 _aExecutive Board
_b117th Session
_cSummary records
260 _aGeneva
_bWorld Health Organization
_c2006
300 _a175p
942 _2ddc
_cBK
999 _c3826
_d3826